Numbers That Have 1 In Them - Statistics

General Stats
  • This quiz has been taken 235 times
  • The average score is 18 of 20
Answer Stats
Number % Correct
1
100%
11
97%
10
95%
12
94%
13
94%
14
94%
15
94%
16
94%
17
94%
21
94%
18
93%
19
93%
31
93%
41
92%
51
90%
61
89%
71
88%
81
87%
91
87%
100
79%
No matching quizzes found
Score Distribution
Percent of People with Each Score
Percentile by Number Answered
Your Score History
You have not taken this quiz